LEADER 01079nam0-22003371i-450- 001 990002870220403321 035 $a000287022 035 $aFED01000287022 035 $a(Aleph)000287022FED01 035 $a000287022 100 $a20000920d1996----km-y0itay50------ba 101 0 $aITA 200 1 $a<>information systems check-up model for small and medium enterprises$fGiacomo Buonanno ...[et al.] 210 $aCastellanza (VA)$cLibero Istituto Universitario Carlo Cattaneo$d1996 215 $a25 p.$d29 cm 225 1 $aLiuc papers$iTecnologia$v32/1996$v5 610 0 $aSistemi informativi 610 0 $aInformatica 610 0 $aImprese$asistemi informativi 610 0 $aEconomia aziendale 676 $a658.5 700 1$aInformation System Check-Up$0493738 712 11$aBuonanno,$bGiacomo 801 0$aIT$bUNINA$gRICA$2UNIMARC 901 $aBK 912 $a990002870220403321 952 $aVII-A-108$b4466$fMAS 959 $aMAS 996 $aInformation systems check-up model for small and medium enterprises$9416034 997 $aUNINA DB $aING01 LEADER 01843oam 2200445M 450 001 9910716394903321 005 20200213070539.4 035 $a(CKB)5470000002520182 035 $a(OCoLC)1065855534 035 $a(OCoLC)995470000002520182 035 $a(EXLCZ)995470000002520182 100 $a20071213d1926 ua 0 101 0 $aeng 135 $aurcn||||||||| 181 $ctxt$2rdacontent 182 $cc$2rdamedia 183 $acr$2rdacarrier 200 10$aAppointment of temporary clerk of the Supreme Court of the District of Columbia. February 5, 1926. -- Committed to the Committee of the Whole House on the State of the Union and ordered to be printed 210 1$a[Washington, D.C.] :$c[U.S. Government Printing Office],$d1926. 215 $a1 online resource (2 pages) 225 1 $aHouse report / 69th Congress, 1st session. House ;$vno. 210 225 1 $a[United States congressional serial set ] ;$v[serial no. 8531] 300 $aBatch processed record: Metadata reviewed, not verified. Some fields updated by batch processes. 300 $aFDLP item number not assigned. 606 $aLegislative amendments 606 $aCourts$xOfficials and employees 606 $aTemporary employees 608 $aLegislative materials.$2lcgft 615 0$aLegislative amendments. 615 0$aCourts$xOfficials and employees. 615 0$aTemporary employees. 701 $aGraham$b George Scott$f1850-1931$pRepublican (PA)$01386798 801 0$bWYU 801 1$bWYU 801 2$bOCLCO 801 2$bOCLCQ 906 $aBOOK 912 $a9910716394903321 996 $aAppointment of temporary clerk of the Supreme Court of the District of Columbia. February 5, 1926. -- Committed to the Committee of the Whole House on the State of the Union and ordered to be printed$93505386 997 $aUNINA